Stanovenie hodnoty know how ako nehmotného majetku podniku diplomová práca

Uložené v:
Podrobná bibliografia
Hlavný autor: Adamec, Maroš
Korporativný autor: Fakulta podnikového manažmentu EU. Katedra podnikových financií
Ďalší autori: Harumová, Anna, 1955-
Médium: Kniha
Jazyk:Slovak
Vydavateľské údaje: Bratislava 2014
Tagy: Pridať tag
Žiadne tagy, Buďte prvý, kto otaguje tento záznam!

MARC

LEADER 00000nbm a2200000 4500
001 0187852
005 20170201091501.2
041 0 |a slo 
044 |a SK 
245 1 0 |a Stanovenie hodnoty know how ako nehmotného majetku podniku  |b diplomová práca  |c Maroš Adamec ; školiteľ: Anna Harumová 
264 1 |a Bratislava  |c 2014 
300 |a 85 s. 
100 1 |a Adamec, Maroš 
700 1 |a Harumová, Anna, 1955- 
710 2 |a Fakulta podnikového manažmentu EU. Katedra podnikových financií